000 00412nam a2200145Ia 4500
008 220217s9999||||xx |||||||||||||| ||und||
020 _a81-203-0925-1
082 _a005.71 BLA
100 _aBlack, Uyless, D
_91123
245 0 _aData communications and distributed networks
250 _a3rd
260 _aPrentice hall of india
_bNew Delhi
_c2002
300 _b195
650 _aDATA COMMUNICATION
_91124
999 _c171917
_d171917